Az érzelem fejlesztéséről

Elmentve itt :
Bibliográfiai részletek
Szerző: Székely György
Dokumentumtípus: Cikk
Megjelent: 1900
Sorozat:Magyar pedagógia : a Magyar Tudományos Akadémia Pedagógiai Bizottságának folyóirata 9
Kulcsszavak:Neveléselmélet története, Érzelem
Online Access:http://misc.bibl.u-szeged.hu/7591
LEADER 00663nab a2200181 i 4500
001 misc7591
005 20191106144123.0
008 170607s1900 hu o 0|| hun d
022 |a 0025-0260 
040 |a SZTE Miscellanea Repozitórium  |b hun 
041 |a hun 
100 1 |a Székely György 
245 1 3 |a Az érzelem fejlesztéséről  |h [elektronikus dokumentum] /  |c  Székely György 
260 |c 1900 
300 |a 161-171 
490 0 |a Magyar pedagógia : a Magyar Tudományos Akadémia Pedagógiai Bizottságának folyóirata  |v 9 
695 |a Neveléselmélet története, Érzelem 
856 4 0 |u http://misc.bibl.u-szeged.hu/7591/1/mp_1900_0658_161-171.pdf  |z Dokumentum-elérés